000 00517nam a22001937a 4500
005 20191224042307.0
008 160728b ck ||||| |||| 00| 0 spa d
040 _aCO-BoIAVH
_cCO-BoIAVH
041 _aspa
044 _ack
082 1 4 _a333.959755
_bJ24j
245 0 0 _aJaguares, pumas y ganado:
_bguía informativa.
260 _aBolivia :
_cs.f..
300 _a15 páginas
_bfotografías a color
650 1 6 _aFauna
_zBolivia
650 1 6 _aJaguar
650 0 _aPuma
942 _2ddc
_cFolleto
999 _c18928
_d18928